Harmony between labor and capital ; an essay on the welfare of nations /

Bibliographic Details
Main Author: Newfang, Oscar, 1875-1943
Format: Book
Language:English
Published: New York, London : G. P. Putnam's sons, 1927.
Subjects:

MARC

Tag First Indicator Second Indicator Subfields
LEADER 00000cam a2200000 4500
001 in00000078513
005 20151008052824.0
008 721031s1927 nyu 00000 eng u
010 |a  27013156  
035 |a (OCoLC)00480149 
035 |9 AAH5038AM 
040 |c KSU  |d TXA  |d UtOrBLW 
049 |a TXAM  |c [48517] 
050 0 0 |a HD6961  |b .N4 
092 |a 331.1  |b N547h 
100 1 |a Newfang, Oscar,  |d 1875-1943. 
245 1 0 |a Harmony between labor and capital ;  |b an essay on the welfare of nations /  |c by Oscar Newfang. 
264 1 |a New York,  |a  London :  |b G. P. Putnam's sons,  |c 1927. 
300 |a viii, 238 pages ;  |c 21 cm. 
336 |a text  |b txt  |2 rdacontent 
337 |a unmediated  |b n  |2 rdamedia 
338 |a volume  |b nc  |2 rdacarrier 
650 0 |a Working class. 
650 0 |a Capital. 
650 0 |a Wages. 
650 0 |a Labor movement. 
650 0 |a Labor. 
999 |a MARS 
999 f f |s 69460e0a-4f95-3690-9465-457a411cde7e  |i cd94de7c-9867-318e-b385-8b6a3055d4d1  |t 0 
952 f f |p ric  |a Texas A&M University  |b Rellis Campus  |c Joint Library Facility  |d Remote Storage  |t 0  |e HD6961 .N4  |h Library of Congress classification  |i unmediated -- volume  |m A14800714151 
998 f f |a HD6961 .N4  |t 0  |l Remote Storage